| 000 | 00790nam a2200205 i 4500 | ||
|---|---|---|---|
| 001 | 172264 | ||
| 003 | ES-MaACL | ||
| 005 | 20250919133022.0 | ||
| 008 | 090622s1933 fr |||| | fre d | ||
| 080 | _a821.134.2-2"16" | ||
| 100 | 1 |
_aCastro, Guillén de. _936858 |
|
| 245 | 1 | 4 |
_aLas mocedades del Cid _b: comedia primera en tres actos / _cGuillén de Castro ; publiée avec une introduction, des notes et un appendice par Camille Pitollet. |
| 260 |
_aParis : _bA. Hatier, _c1933. |
||
| 300 |
_a111 p. ; _c18 cm. |
||
| 490 | 1 |
_aLes classiques pour tous ; _v379 |
|
| 700 | 1 |
_aPitollet, Camille, _d1874-1964 _992417 |
|
| 830 | 0 |
_aLes classiques pour tous ; _v379 _9189070 |
|
| 852 | 4 |
_aES-MaACL _jE-12716 _9R.139413 _z. - Biblioteca Jacinto Martínez Lacalle |
|
| 999 |
_c172264 _d172264 |
||